Determinación de los parametros dinámicos de edificio central del Instituto Nacional de Seguros.
Gespeichert in:
| 1. Verfasser: | |
|---|---|
| Format: | Buch |
| Veröffentlicht: |
San José, Costa Rica
1989
|
| Schlagworte: | |
| Tags: |
Tag hinzufügen
Keine Tags, Fügen Sie den ersten Tag hinzu!
|
MARC
| LEADER | 00000nam a2200000Ia 4500 | ||
|---|---|---|---|
| 003 | 004763 | ||
| 005 | 20221231144338.0 | ||
| 008 | 140114s1989 cr a m 000 ||s d | ||
| 040 | |c cru CEDI | ||
| 090 | |a TFG 2199 | ||
| 100 | |a Sauter Cardona, Bernardo |9 13281 | ||
| 245 | |a Determinación de los parametros dinámicos de edificio central del Instituto Nacional de Seguros. | ||
| 260 | |c 1989 |a San José, Costa Rica | ||
| 300 | |a [vi], 86 hojas : ilustraciones ; 28 cm | ||
| 500 | |a Tesis (licenciatura en ingenieria civil)--Universidad de Costa Rica. Facultad de Ingeniería. Escuela de Ingeniería Civil | ||
| 650 | |x CONSTRUCCIONES ANTISISMICAS |9 13282 | ||
| 942 | |c TFG |2 ddc | ||
| 999 | |c 20486 |d 20486 | ||
